00508nam a2200181Ia 4500003000900000008004100009020002200050040001600072080001900088100001700107245005400124260003900178300002300217650002400240650002200264650002300286700001700309IN-BaIIA211028s9999 xx 000 0 eng d a978-81-843-1705-3 cIIA Library a621.337.1bBAK aBakshi, U. A 0aControl engineeringcU.A. Bakshi and V. U. Bakshi aPunebTechnical Publicationsc2012 a[various pagings.] aClosed loop systems aOpen loop systems aTransfer functions aBakshi, V. U